Professional mobile web development with WordPress, Joomla!, and Drupal (Record no. 224046)
[ view plain ]
| 000 -LEADER | |
|---|---|
| fixed length control field | 01652nam a2200385 a 4500 |
| 100 1# - MAIN ENTRY--AUTHOR NAME | |
| Personal name | Pearce, James. |
| 245 10 - TITLE STATEMENT | |
| Title | Professional mobile web development with WordPress, Joomla!, and Drupal |
| 260 ## - PUBLICATION, DISTRIBUTION, ETC. (IMPRINT) | |
| Place of publication | Indianapolis, Ind. : |
| Name of publisher | Wiley Pub., Inc., |
| Year of publication | 2011. |
| 300 ## - PHYSICAL DESCRIPTION | |
| Number of Pages | xxix, 520 p. : |
| Other physical details | ill. (some col.). |
| 490 0# - SERIES STATEMENT | |
| Series statement | Wrox programmer to programmer |
| 505 0# - FORMATTED CONTENTS NOTE | |
| Formatted contents note | pt. 1. The world of the mobile Web -- pt. 2. General mobile techniques -- pt. 3. Major CMS platforms -- pt. 4. Enhancing and launching your site -- pt. 5. References. |
| 650 #0 - SUBJECT ADDED ENTRY--TOPICAL TERM | |
| Topical Term | Mobile computing |
| Topical Term | Application software |
| 856 40 - ELECTRONIC LOCATION AND ACCESS | |
| Uniform Resource Identifier | http://site.ebrary.com/lib/rucke/Doc?id=10484747 |
No items available.
